000
00212 a2200097 4500
001
13403
100
_a
245
_a
The anti stalin caompaign
260
_a
Russian
_b
Columbia university
_c
090
_c
10416
_d
10416
942
_a
NUST-CAE
_c
M
_c
466
999
_c
248476
_d
248476